Loading...

Global Trends Of Human Rights

Bibliographic Details
Main Author: Madhav Rao,L.R
Format: Printed Book
Language:Undetermined
Published: New Delhi: Sumit Enterprises, 2004
Subjects:
LEADER 00518nam a2200157Ia 4500
008 200110s9999||||xx |||||||||||||| ||und||
080 |a 341.481  |b MAD-G 
100 |a Madhav Rao,L.R.  
245 0 |a Global Trends Of Human Rights 
260 |a New Delhi:  |b Sumit Enterprises,   |c 2004 
300 |a 287 p.  |f HB 
500 |a General 
650 |a Global Trends Of Human Rights  
942 |c BK 
999 |c 257354  |d 257354 
952 |0 0  |1 0  |4 0  |6 341_481000000000000_MADG  |7 0  |9 273278  |a SOC  |b SOC  |l 0  |o 341.481 MAD-G  |p SOC6931  |r 2020-01-14  |w 2020-01-14  |y BK